LDR 00926naa#a2200205#i#450# 001 EN\\bibl\120475 005 20260502074912.6 011 ## _a2782-5957 100 ## _a20260430b2026####ek#y0engy0150####ca 102 ## _aRU 200 1# _aSTUDYING THE INFLUENCE OF THE DEVELOPED ACTIVATING FLUXES ON WELDING ARC IONIZATION AND DEPTH PENETRATION OF 09G2S STEEL BY USING A-TIG TECHNOLOGY _eJournal article 210 1# _aBryansk _cBryansk State Technical University _d2026 215 ## _a12 с. 608 ## _aJournal article _2local 675 ## _aСварка с глубоким проваром (проплавлением). 621.791.012.5 _aДуговая сварка в среде защитных газов. 621.791.754 _z 686 ## _aМеталловедение. 342 _2bbk 700 #1 _aUkrainchev _gAleksandr Leonidovich 700 #1 _aTereschenko _gAleksandr Aleksandrovich 700 #1 _aMakarenko _gKonstantin Vasilievich 856 4# _abstu.editorum.ru _u